000 00428nam a2200205Ia 4500
003 0100
008 130303s9999 xx 000 0 und d
020 _a0416720005
040 _cARRUPELIB
050 _aB63.F44 1981
100 _aFink, Hans
245 _aSocial Philosophy
260 _aLondon
260 _bMethuen
260 _C1981
300 _a122p.
300 _b 21cm
650 _aPHILOSOPHY
942 0 0 _01
999 _c25955
_d25955